00866nam a2200229Ia 4500003000900000008004100009020001800050040001600068080001900084245016400103260003600267300001000303650004100313650003200354650003500386700002800421700002900449700003400478942000700512999001500519952010200534IN-BaIIA211028s9999 xx 000 0 eng d a0-8243-0921-9 cIIA Library a(05)52bANN-21 0aAnnual review of astronomy and astrophysicsbvol. 21cedited by Geoffrey Burbidge David Layzer and John G. Phillips  aPalo AltobAnnual Reviewsc1983 a482p. aAstronomy and astrophysics thesaurus aAstronomy-Periodicals94087 aAstrophysics-Periodicals94088 aBurbidge, Geoffrey, ed. aLayzer, David, ed.94091 aPhillips, John G., ed. 95230 cBK c7834d7834 00104070aBANbBANcGENd1984-01-20l0o(05)52/ ANN-21p8653r2021-11-05w1984-01-20yBK 30.00